| 000 | 00731nam a22002057a 4500 | ||
|---|---|---|---|
| 999 |
_c59676 _d59676 |
||
| 003 | Ge_BSU | ||
| 005 | 20230331123803.0 | ||
| 008 | 230331s2012 enk||||| |||| 00| 0 eng d | ||
| 020 | _a9781861771308 | ||
| 041 | _aeng | ||
| 080 | _a37.013.42: 364-43 P-90 | ||
| 245 |
_aPractice Research in Nordic Social Work: _bKnowledge Production in Transition / _cEdited by Edgar Marthinsen, Ilse Julkunen. |
||
| 264 |
_aLondon, _c2012. |
||
| 300 |
_a200 p.; _b24 cm. |
||
| 653 | _aჩრდილო ევროპა | ||
| 653 | _aპრაქტიკული კვლევა | ||
| 700 |
_aMarthinsen, Edgar _eრედაქტორი _917403 |
||
| 700 |
_aJulkunen, Ilse _eრედაქტორი _917404 |
||
| 942 |
_2udc _cBK |
||